000 00299nam a22001337a 4500
008 170630b xxu||||| |||| 00| 0 eng d
020 _a9780314027962
041 _aeng
080 _22ND
_a94
100 _a16
101 _aSHH
245 _aWESTERN CIVILAZITION
_cSPIELVOGEL,J.J
942 _2udc
_cBK
999 _c19685
_d19685